Heidelberg Sehenswürdigkeiten Quiz - Statistiken

Allgemein
  • Dieses Quiz wurde 39 mal gespielt
  • Das Durchschnittsergebnis liegt bei 5 aus 16
Antwortstatistiken
Bildquiz Antwort % Korrekt
Neckarwiese
89%
Hauptstraße
73%
Thingstätte
70%
Karlstorbahnhof
43%
Jesuitenkirche
41%
Tiefburg
32%
Gadamerplatz
27%
Wilhelmsplatz
24%
Messplatz
22%
SRH Campus
22%
Adenauerplatz
14%
Bierhelderhof
14%
Helmholtzgymnasium
11%
Alois Link Platz
8%
Thorax Klinik
8%
Emmertsgrundpassage
5%
Keine übereinstimmenden Quizze gefunden
Verteilung der Resultate
Anzahl Personen mit jedem Resultat
Perzentil nach korrekt beantworteten Fragen
Ihre Resultats-Entwicklung
Sie haben dieses Quiz noch nicht gespielt